A Study on Biblical Doctrine of Salvation Based on Pauline Concept / (Record no. 3228)

MARC details
000 -LEADER
fixed length control field 00526nam a22001817a 4500
003 - CONTROL NUMBER IDENTIFIER
control field OSt
005 - DATE AND TIME OF LATEST TRANSACTION
control field 20181105105739.0
008 - FIXED-LENGTH DATA ELEMENTS--GENERAL INFORMATION
fixed length control field 181015b ||||| |||| 00| 0 eng d
040 ## - CATALOGING SOURCE
Transcribing agency DLC
082 ## - DEWEY DECIMAL CLASSIFICATION NUMBER
Classification number REF 025
Item number K96S
100 ## - MAIN ENTRY--PERSONAL NAME
Personal name Kumar M, Manoj
245 ## - TITLE STATEMENT
Title A Study on Biblical Doctrine of Salvation Based on Pauline Concept /
Statement of responsibility, etc. By Manoj Kumar M.
260 ## - PUBLICATION, DISTRIBUTION, ETC.
Place of publication, distribution, etc. Greator Noida, UP :
Name of publisher, distributor, etc. Harvest Mission College,
300 ## - PHYSICAL DESCRIPTION
Extent 58 p.:
630 ## - SUBJECT ADDED ENTRY--UNIFORM TITLE
Uniform title Institutional Thesis
700 ## - ADDED ENTRY--PERSONAL NAME
Personal name Biju K. Pappachan - Mentor
942 ## - ADDED ENTRY ELEMENTS (KOHA)
Source of classification or shelving scheme Dewey Decimal Classification
Koha item type Reference
Holdings
Withdrawn status Lost status Source of classification or shelving scheme Damaged status Not for loan Collection code Home library Current library Shelving location Date acquired Serial Enumeration / chronology Total Checkouts Full call number Barcode Date last seen Price effective from Koha item type
    Dewey Decimal Classification   Not For Loan Reference Harvest Mission College Harvest Mission College Reference 05.11.2018 B.Th   TH 234 K96S TD0049 05.11.2018 05.11.2018 Reference
    Dewey Decimal Classification   Not For Loan Reference Harvest Mission College Harvest Mission College Reference 05.11.2018 B.Th   TH 234 K96S TD0048 05.11.2018 05.11.2018 Reference

OPAC Designed and Maintained by HMC Library Team.
Copyright © HMC Library,Greater Noida, UP.
For any Suggestions/Query Contact library via Email:libhmc@gmail.com